| 000 | 01023cad a22002175a 4500 | ||
|---|---|---|---|
| 001 | L154244 | ||
| 008 | 111107s2011 xxk f 000 0 eng d | ||
| 035 | _a(Sirsi) u154244 | ||
| 041 | 0 | _aeng | |
| 050 | 0 | 4 | _a640.42094 $2 20 |
| 100 | 1 | _aParlasca, Peter | |
| 245 | 0 | 4 |
_aThe housing sector _bhousehold consumption from a European perspective _h[electronic resource] |
| 260 |
_aLondon _bRICS _C2011 |
||
| 520 | _aProviding a detailed Member State (macro) level overview of consumer spending, with a specific focus on housing related items. This report looks into more detail at the main components that make up housing consumption: owner-occupied expenses, rents, energy consumption and maintenance. | ||
| 590 | _aKA | ||
| 651 | 4 | _aEurope | |
| 690 |
_aResidential property _96266 |
||
| 710 | 1 |
_aRoyal Institution of Chartered Surveyors _94900 |
|
| 856 | 4 | 0 |
_uhttps://www.rics.org/site/download_feed.aspx?fileID=10764&fileExtension=PDF _z View the report online for free (member-only access) at www.rics.org. |
| 942 | _n0 | ||
| 999 |
_c112899 _d112899 |
||